000 00737nam a2200181 i 4500
001 22806
003 ES-MaACL
005 20230906152747.0
007 t|
008 021204s1981 sp ||||1| spa d
100 1 _aÁlvarez Rico, Manuel.
_920933
245 1 0 _aCánones de regulación y tarifas de riego motivados por obras hidraúlicas
_b: análisis de su estado actual y sugerencias para una reforma de la legislación /
_cManuel Alvarez Rico, Rafael Fernández Ordoñez, Antonio José Alvarez Calvo.
260 _a[Madrid :
_bs.n.,
_c1981] (
_fImp. H. Lago)
300 _a300 p. ;
_c30 cm.
700 1 _aFernández Ordóñez, Rafael.
_949970
700 1 _aAlvarez Calvo, Antonio José.
_920720
852 _aES-MaACL
_jL-1555
_bR.102191
999 _c22806
_d22806